00872cam a2200217 a 450000100100000000500170001000800410002704000250006808200200009310000260011324500590013926000750019830000400027349000250031350000600033865000360039865000480043483000340048295201230051699900150063900000615420200929151944.0830726|1981 pr ac 000 p spa  aDO-SdBNPcspadBNPHU aPR861.44bM671a1 aMirabal, Mili.91728510aApuntes de servilletas y otros poemas /cMili Mirabal. aSan Juan de Puerto Rico :bInstituto de Cultura Puertorriquena,c1981. aix, 106 p. :bil., retrs. ;c18 cm.1 aSerie Literatura hoy aPrimer Premioio Centenario Ateneo Puertorriqueño 1976 4aPoesía puertorriqueña91015 4aLiteratura puertorriqueñaySIGLO XX95311 0aSerie Literatura hoy ;917286 001054708MOaGRbGRcCTd2010-03-25iLF1l0oPR861.44 M671ap6154-10r2020-06-25w2020-06-25y4ZPréstamo en sala c5950d5950